| 000 | 00644nam a2200217 a 4500 | ||
|---|---|---|---|
| 001 | 379 | ||
| 003 | CDMR | ||
| 005 | 20131031100556.0 | ||
| 008 | 130130s1994||||||||||||||||||||||||||||d | ||
| 020 | _a8433925016 | ||
| 040 |
_aCDMR _bcat _cCDMR |
||
| 100 | 1 |
_aWallraff, Günter _9263 |
|
| 245 | 1 | 0 |
_aCabeza de turco _b: abajo del todo _cGünter Wallraff ; traducción de Pablo Sorozábal |
| 250 | _a7a ed. | ||
| 260 |
_aBarcelona _c1994 _bAnagrama |
||
| 490 | 0 |
_aCrónicas Anagrama _v1 |
|
| 650 | 0 | 4 |
_94154 _aPeriodistes _xRelats personals |
| 650 | 0 | 4 |
_93635 _aEmigració i immigració _zAlemanya |
| 650 | 0 | 4 |
_94236 _aMarginació social |
| 942 |
_cMON _2udc |
||
| 999 |
_c379 _d379 |
||